| 000 | 00715nam a2200241 a 4500 | ||
|---|---|---|---|
| 005 | 20210219153359.0 | ||
| 008 | 991125n 000 0 u | ||
| 035 | _aUPN01000095361 | ||
| 100 | _aSaad, Ismael Abu | ||
| 222 | 0 | _aCOMPARATIVE EDUCATION REVIEW | |
| 245 | 0 | _aPupil control ideology in a multicultural society : Arab and jewish teachers in Israeli elemenary schools | |
| 300 | _a21-30 | ||
| 362 | _a37, No. 1, 1993 | ||
| 505 | _aJulio 1993 | ||
| 653 | 0 | _aACTITUD DOCENTE | |
| 653 | 0 | _aDIFERENCIAS RURAL Y URBANA | |
| 653 | 0 | _aDISCIPLINA | |
| 653 | 0 | _aESTILOS DE ENSEĆANZA | |
| 653 | 0 | _aINFLUENCIAS CULTURALES | |
| 700 | _aHendrix, Vernon L. | ||
| 904 |
_aAC _b033172 |
||
| 905 | _aArticulo | ||
| 999 |
_c75457 _d75457 |
||